[Event "Bundesliga 2024-25"]
[Site "Hamburg GER"]
[Date "2024.10.06"]
[Round "2.3"]
[Board "3"]
[White "Huschenbeth, Niclas"]
[Black "Korobov, Anton"]
[Result "1/2-1/2"]
[WhiteTitle "GM"]
[BlackTitle "GM"]
[WhiteElo "2600"]
[BlackElo "2650"]
[WhiteTeam "Hamburger SK"]
[BlackTeam "SC Viernheim"]
[WhiteFideId "24604747"]
[BlackFideId "14105730"]
[EventDate "2024.10.05"]
[EventType "team"]

1. e4 e6 2. d4 d5 3. Nc3 Nf6 4. e5 Nfd7 5. f4 c5 6. Nf3 Nc6 7. Be3 a6 8. Ne2 Be7
9. c3 O-O 10. dxc5 Nxc5 11. Ng3 b5 12. Be2 Bb7 13. O-O g6 14. Nd4 Rc8 15. Qd2
Qc7 16. Rac1 Ne4 17. Nxe4 dxe4 18. Nxc6 Qxc6 19. Rfd1 Rfd8 20. Qe1 Qc7 21. Rxd8+
Rxd8 22. Qf2 Rd7 23. h3 h5 24. Kh2 h4 25. c4 bxc4 26. Rxc4 Qd8 27. Bb6 Qb8 28.
Rc2 Bd8 29. Ba7 Qa8 30. b4 Bc6 31. Bc5 Ba4 32. Rb2 Qc6 33. Qe3 Bc7 34. Rd2 Rxd2
35. Qxd2 Bb5 36. Bxb5 axb5 37. Qf2 Bd8 38. Qd4 Bc7 39. Qf2 Bd8 40. Qd4 Bc7 1/2-1/2

[Event "Bundesliga 2024-25"]
[Site "Hamburg GER"]
[Date "2024.10.06"]
[Round "2.3"]
[Board "4"]
[White "Wagner, Dennis"]
[Black "Kempinski, Robert"]
[Result "1/2-1/2"]
[WhiteTitle "GM"]
[BlackTitle "GM"]
[WhiteElo "2617"]
[BlackElo "2566"]
[WhiteTeam "SC Viernheim"]
[BlackTeam "Hamburger SK"]
[WhiteFideId "24650684"]
[BlackFideId "1105663"]
[EventDate "2024.10.05"]
[EventType "team"]

1. d4 Nf6 2. c4 e6 3. Nf3 b6 4. a3 Bb7 5. Nc3 d5 6. Qc2 a6 7. cxd5 exd5 8. g3
Bd6 9. Bg2 O-O 10. Nh4 c5 11. dxc5 bxc5 12. Bg5 Be5 13. Rd1 Bxc3+ 14. bxc3 Nbd7
15. Bxd5 Bxd5 16. Rxd5 Qa5 17. Rd6 c4 18. Nf5 Rfe8 19. O-O Ne4 20. Ne7+ Rxe7 21.
Bxe7 Nxd6 22. Bxd6 Re8 23. Rd1 Qh5 24. f3 Qb5 25. Kf1 Nb6 26. Rd4 h6 27. Bf4 Na4
28. Bd2 a5 29. g4 Qb3 30. Qc1 Qb8 31. Bf4 Qb3 32. Bd2 Qb8 33. Bf4 Qb3 1/2-1/2

[Event "Bundesliga 2024-25"]
[Site "Hamburg GER"]
[Date "2024.10.06"]
[Round "2.3"]
[Board "5"]
[White "Engel, Luis"]
[Black "Erdogmus, Yagiz Kaan"]
[Result "1-0"]
[WhiteTitle "GM"]
[BlackTitle "GM"]
[WhiteElo "2555"]
[BlackElo "2592"]
[WhiteTeam "Hamburger SK"]
[BlackTeam "SC Viernheim"]
[WhiteFideId "12961523"]
[BlackFideId "44599790"]
[EventDate "2024.10.05"]
[EventType "team"]

1. e4 e5 2. Nf3 Nc6 3. Bb5 a6 4. Ba4 d6 5. O-O b5 6. Bb3 Na5 7. d4 exd4 8. Qxd4
Ne7 9. Bd5 c5 10. Qc3 b4 11. Qe3 Nxd5 12. exd5+ Be7 13. Re1 Nc4 14. Qe4 Nb6 15.
a3 Bb7 16. c4 bxc3 17. Nxc3 Kf8 18. Qd3 Qd7 19. Bf4 Re8 20. b4 cxb4 21. axb4 Rc8
22. Rac1 Bf6 23. Ne4 Rxc1 24. Bxd6+ Be7 25. Bxe7+ Qxe7 26. Rxc1 Nxd5 27. Re1 Nf4
28. Qd6 Qxd6 29. Nxd6 Bc6 30. Ne5 Nxg2 31. Rc1 Bd5 32. Nexf7 Bxf7 33. Rc8+ Ke7
34. Rxh8 Bd5 35. Nf5+ Kf7 36. Ne3 Nf4 37. Nxd5 Nxd5 38. Rxh7 Nxb4 39. Rh4 Nd5
40. Ra4 Nc7 41. Rc4 Nd5 42. Rc6 Nb4 43. Rb6 a5 44. Rb5 Nc6 45. Rc5 Nd4 46. Rxa5
Ne6 47. Kg2 Kf6 48. Kg3 Nd4 49. Kg4 Ne6 50. h4 Nd4 51. h5 1-0

[Event "Bundesliga 2024-25"]
[Site "Hamburg GER"]
[Date "2024.10.06"]
[Round "2.3"]
[Board "6"]
[White "Meier, Georg"]
[Black "Papp, Gabor1"]
[Result "1/2-1/2"]
[WhiteTitle "GM"]
[BlackTitle "GM"]
[WhiteElo "2591"]
[BlackElo "2550"]
[WhiteTeam "SC Viernheim"]
[BlackTeam "Hamburger SK"]
[WhiteFideId "4675789"]
[BlackFideId "718602"]
[EventDate "2024.10.05"]
[EventType "team"]

1. Nf3 d5 2. g3 c5 3. Bg2 Nc6 4. d4 cxd4 5. Nxd4 Nf6 6. c4 e5 7. Nxc6 bxc6 8.
O-O Be6 9. Nc3 Rc8 10. cxd5 cxd5 11. Qa4+ Qd7 12. Qxd7+ Kxd7 13. Rd1 Bc5 14. Na4
Be7 15. Nc3 Bc5 16. Nxd5 Nxd5 17. Bxd5 Bxd5 18. Rxd5+ Ke6 19. e4 Rhd8 20. Rxd8
Rxd8 21. Bg5 f6 22. Rc1 Bb6 23. Be3 Bxe3 24. fxe3 Rd2 25. Rc7 g5 26. Rxh7 Rxb2
27. Rxa7 g4 28. Rg7 Rb1+ 29. Kf2 Rb2+ 30. Kf1 Rxa2 31. Rxg4 1/2-1/2

[Event "Bundesliga 2024-25"]
[Site "Hamburg GER"]
[Date "2024.10.06"]
[Round "2.3"]
[Board "7"]
[White "Costa, Leonardo"]
[Black "Buhmann, Rainer"]
[Result "1/2-1/2"]
[WhiteTitle "IM"]
[BlackTitle "GM"]
[WhiteElo "2472"]
[BlackElo "2552"]
[WhiteTeam "Hamburger SK"]
[BlackTeam "SC Viernheim"]
[WhiteFideId "16213955"]
[BlackFideId "4651340"]
[EventDate "2024.10.05"]
[EventType "team"]

1. e4 e6 2. Qe2 Nc6 3. Nf3 e5 4. c3 Be7 5. g3 Nf6 6. Bg2 O-O 7. O-O d6 8. h3 Re8
9. b4 Bf8 10. d3 h6 11. Nbd2 Bd7 12. a4 a6 13. Nc4 b5 14. axb5 axb5 15. Rxa8
Qxa8 16. Ne3 Ne7 17. Nh2 Qc8 18. Nhg4 Nh7 19. h4 c5 20. bxc5 Qxc5 21. Bb2 h5 22.
Nh2 Nf6 23. Ra1 Qc7 24. Nf3 Nc8 25. Ng5 Nb6 26. Bf3 g6 27. c4 bxc4 28. dxc4 Ra8
29. Rxa8 Nxa8 30. Nd5 Nxd5 31. cxd5 Be7 32. g4 Bxg5 33. hxg5 hxg4 34. Bxg4 Bxg4
35. Qxg4 Nb6 36. Qe2 Qc5 37. Qd3 Qc8 38. Kh2 Qg4 39. Bc1 Nd7 40. Qh3 Qxh3+ 41.
Kxh3 Kf8 42. Kg4 1/2-1/2

[Event "Bundesliga 2024-25"]
[Site "Hamburg GER"]
[Date "2024.10.06"]
[Round "2.3"]
[Board "8"]
[White "Tarlev, Konstantin"]
[Black "Kramer, Julian"]
[Result "0-1"]
[WhiteTitle "GM"]
[BlackTitle "IM"]
[WhiteElo "2579"]
[BlackElo "2494"]
[WhiteTeam "SC Viernheim"]
[BlackTeam "Hamburger SK"]
[WhiteFideId "14114089"]
[BlackFideId "12921742"]
[EventDate "2024.10.05"]
[EventType "team"]

1. e4 c5 2. Nf3 d6 3. d4 cxd4 4. Nxd4 Nf6 5. Nc3 Nc6 6. Bg5 e6 7. Qd2 a6 8.
O-O-O Bd7 9. f3 Nxd4 10. Qxd4 Be7 11. h4 Qc7 12. g4 h5 13. gxh5 Nxh5 14. Bxe7
Kxe7 15. e5 dxe5 16. Qb4+ Ke8 17. Ne4 Bc6 18. Nd6+ Kf8 19. Nf5+ Ke8 20. Nd6+ Kf8
21. Nf5+ Kg8 22. Ne7+ Kh7 23. Bd3+ e4 24. fxe4 Bb5 25. Rhf1 Rhd8 26. Bxb5 axb5
27. Rxd8 Qxd8 28. Rd1 Qb6 29. a3 Nf6 30. Kb1 Ra4 31. Qc3 Rxe4 32. Qc8 Rd4 33.
Rxd4 Qxd4 34. Qxb7 Qxh4 35. Nc8 Qh5 36. b3 Qd1+ 37. Kb2 Qd4+ 38. Kc1 Ne4 0-1

[Event "Bundesliga 2024-25"]
[Site "Dresden GER"]
[Date "2024.10.06"]
[Round "2.5"]
[Board "1"]
[White "Nguyen, Thai Dai Van"]
[Black "Socko, Bartosz"]
[Result "1/2-1/2"]
[WhiteTitle "GM"]
[BlackTitle "GM"]
[WhiteElo "2647"]
[BlackElo "2551"]
[WhiteTeam "USV TU Dresden"]
[BlackTeam "FC St. Pauli"]
[WhiteFideId "358878"]
[BlackFideId "1107038"]
[EventDate "2024.10.05"]
[EventType "team"]

1. e4 c6 2. Nf3 d5 3. d3 dxe4 4. dxe4 Qxd1+ 5. Kxd1 Bg4 6. Nd2 Nd7 7. Be2 Bxf3
8. Nxf3 e5 9. Nd2 Bc5 10. f3 Be3 11. a4 Ngf6 12. c3 Rd8 13. Kc2 Ke7 14. b3 Nc5
15. Rd1 Bxd2 16. Bxd2 Ne6 17. Be3 a6 18. b4 Rxd1 19. Rxd1 Rd8 20. Rb1 Ne8 21.
Bb6 Rd7 22. g3 Nd6 23. Bd3 f6 24. h4 Nc8 25. Be3 Nd6 26. Bb6 Nc8 27. Be3 Nd6 28.
f4 exf4 29. gxf4 b5 30. axb5 axb5 31. Rg1 Ke8 32. f5 Nd8 33. Bf4 Nc4 34. Ra1 Ne5
35. Be2 Ndf7 36. Ra8+ Ke7 37. Rg8 g6 38. fxg6 hxg6 39. h5 gxh5 40. Bxh5 Nd6 41.
Bxe5 fxe5 42. Bg4 Rd8 43. Rg7+ Kf6 44. Rc7 Nxe4 45. Bf3 Nd6 46. Rxc6 Kf5 47. Be2
Kf4 48. Rb6 e4 49. Bxb5 Nxb5 50. Rxb5 e3 51. Rb7 e2 52. Re7 Kf3 53. Rf7+ Ke3 54.
Re7+ Kf3 55. Rf7+ Ke3 56. Re7+ 1/2-1/2

[Event "Bundesliga 2024-25"]
[Site "Dresden GER"]
[Date "2024.10.06"]
[Round "2.5"]
[Board "3"]
[White "Pechac, Jergus"]
[Black "Feuerstack, Aljoscha"]
[Result "1-0"]
[WhiteTitle "GM"]
[BlackTitle "IM"]
[WhiteElo "2578"]
[BlackElo "2466"]
[WhiteTeam "USV TU Dresden"]
[BlackTeam "FC St. Pauli"]
[WhiteFideId "14926970"]
[BlackFideId "4681932"]
[EventDate "2024.10.05"]
[EventType "team"]

1. e4 c5 2. a4 e6 3. f4 Nf6 4. d3 Nc6 5. Nf3 d5 6. e5 Ng8 7. c3 h5 8. g3 Nh6 9.
Na3 Nf5 10. Bh3 d4 11. Nc4 b6 12. Ng5 Ba6 13. Qe2 Be7 14. Ne4 Bxc4 15. dxc4 Na5
16. O-O dxc3 17. bxc3 Nd4 18. Qf2 Ndb3 19. f5 Nxc4 20. fxe6 Nxe5 21. Bf4 Nd3 22.
Qf3 Nxa1 23. Bd6 f6 24. Qxd3 O-O 25. Bf5 Bxd6 26. Nxd6 g5 27. Rxa1 Qe7 28. Nf7 1-0

[Event "Bundesliga 2024-25"]
[Site "Dresden GER"]
[Date "2024.10.06"]
[Round "2.5"]
[Board "4"]
[White "Krause, Benedict"]
[Black "Vogel, Roven"]
[Result "0-1"]
[WhiteTitle "IM"]
[BlackTitle "GM"]
[WhiteElo "2404"]
[BlackElo "2559"]
[WhiteTeam "FC St. Pauli"]
[BlackTeam "USV TU Dresden"]
[WhiteFideId "12917990"]
[BlackFideId "12908088"]
[EventDate "2024.10.05"]
[EventType "team"]

1. e4 c5 2. Nf3 d6 3. d4 cxd4 4. Nxd4 Nf6 5. Nc3 a6 6. a3 Nc6 7. f4 Bg4 8. Nf3
e6 9. h3 Bxf3 10. Qxf3 d5 11. e5 Nd7 12. Bd3 Qb6 13. b4 Qd4 14. Bd2 g5 15. g3
gxf4 16. gxf4 Rc8 17. Qf2 Bh6 18. Rf1 Rg8 19. O-O-O Qxf2 20. Rxf2 Rg3 21. Kb2
Nd4 22. Ne2 Nxe2 23. Rxe2 Nb6 24. f5 Bxd2 25. Rdxd2 exf5 26. e6 Rc6 27. exf7+
Kxf7 28. Re5 Rf6 29. Rde2 Nc4+ 30. Bxc4 dxc4 31. Re7+ Kg6 32. Rxb7 f4 33. Ree7
h6 34. a4 f3 35. Rg7+ Kh5 36. Rbf7 Rgg6 37. Rxf6 Rxf6 38. Rg1 f2 39. Rf1 Kh4 40.
Kc3 Kxh3 0-1

[Event "Bundesliga 2024-25"]
[Site "Dresden GER"]
[Date "2024.10.06"]
[Round "2.5"]
[Board "5"]
[White "Maiwald, Jens-Uwe"]
[Black "Socko, Monika"]
[Result "1/2-1/2"]
[WhiteTitle "GM"]
[BlackTitle "GM"]
[WhiteElo "2429"]
[BlackElo "2422"]
[WhiteTeam "USV TU Dresden"]
[BlackTeam "FC St. Pauli"]
[WhiteFideId "4612396"]
[BlackFideId "1106619"]
[EventDate "2024.10.05"]
[EventType "team"]

1. e4 c6 2. d4 d5 3. e5 Bf5 4. h4 h6 5. g4 Bd7 6. Nc3 e6 7. Be3 Qc7 8. f4 c5 9.
Nf3 h5 10. gxh5 Rxh5 11. dxc5 g6 12. b4 b6 13. Rb1 a6 14. Ne2 bxc5 15. bxc5 Bxc5
16. Bxc5 Qxc5 17. Ned4 Ne7 18. Qd2 Nbc6 19. Be2 Rh8 20. c3 Na5 21. Ng5 1/2-1/2

[Event "Bundesliga 2024-25"]
[Site "Dresden GER"]
[Date "2024.10.06"]
[Round "2.5"]
[Board "6"]
[White "Sawatzki, Frank"]
[Black "Neef, Maximilian"]
[Result "0-1"]
[WhiteTitle "FM"]
[BlackTitle "IM"]
[WhiteElo "2354"]
[BlackElo "2465"]
[WhiteTeam "FC St. Pauli"]
[BlackTeam "USV TU Dresden"]
[WhiteFideId "4613600"]
[BlackFideId "24692085"]
[EventDate "2024.10.05"]
[EventType "team"]

1. e4 e6 2. d4 d5 3. e5 c5 4. c3 Nc6 5. Nf3 Qb6 6. Bd3 cxd4 7. O-O Bd7 8. Re1
Nge7 9. h4 Rc8 10. Na3 a6 11. c4 h6 12. b3 Na5 13. Bb2 dxc4 14. Bxd4 Qd8 15.
bxc4 Nec6 16. Bb2 Bc5 17. Qe2 Nb4 18. Be4 Bc6 19. Red1 Qe7 20. g3 Bxe4 21. Qxe4
O-O 22. Nh2 Rfd8 23. Ng4 Rxd1+ 24. Rxd1 Rd8 25. Nf6+ gxf6 26. Qg4+ Kh7 27. exf6
Rxd1+ 28. Qxd1 Qf8 29. Kg2 Qg8 30. h5 Qg5 31. Nc2 0-1

[Event "Bundesliga 2024-25"]
[Site "Dresden GER"]
[Date "2024.10.06"]
[Round "2.5"]
[Board "7"]
[White "Gauglitz, Gernot"]
[Black "Krause, Jonah"]
[Result "0-1"]
[WhiteTitle "IM"]
[BlackTitle "FM"]
[WhiteElo "2378"]
[BlackElo "2350"]
[WhiteTeam "USV TU Dresden"]
[BlackTeam "FC St. Pauli"]
[WhiteFideId "4611365"]
[BlackFideId "12907910"]
[EventDate "2024.10.05"]
[EventType "team"]

1. d4 Nf6 2. Nf3 g6 3. g3 Bg7 4. Bg2 O-O 5. O-O d5 6. b3 c6 7. Bb2 a5 8. c4 a4
9. Na3 Bf5 10. Ne5 Qa5 11. Nd3 Nbd7 12. b4 Qa6 13. Rc1 dxc4 14. Nxc4 Be6 15. Qc2
a3 16. Nxa3 Bxa2 17. e4 Qa4 18. Qd2 Qa7 19. Ra1 Bb3 20. Qc3 Ba4 21. Rfe1 Qb8 22.
Nf4 e5 23. dxe5 Ng4 24. Nd3 Ngxe5 25. Kh1 Qd6 26. Nc5 Nxc5 27. bxc5 Qd3 28. Bf1
Qxc3 29. Bxc3 Rfd8 30. Reb1 Rab8 31. f4 Nd3 32. Bxg7 Kxg7 33. Bxd3 Rxd3 34. Nc4
Bb3 35. Nd6 Be6 36. Rxb7 Rxb7 37. Nxb7 Bh3 38. Rc1 Rd2 39. Nd6 h5 40. Kg1 Rg2+
41. Kh1 Re2 42. Kg1 Kf6 43. Kh1 Ke7 44. Kg1 Rg2+ 45. Kh1 h4 46. gxh4 Rg4 47. Rc3
Bg2+ 48. Kg1 Bxe4+ 49. Kf2 Bd5 50. f5 Rg2+ 51. Ke3 gxf5 52. Nxf5+ Kf6 53. Ng3
Ke5 54. Ne2 Rxh2 55. Nf4 Rxh4 56. Rc2 Rxf4 0-1

[Event "Bundesliga 2024-25"]
[Site "Dresden GER"]
[Date "2024.10.06"]
[Round "2.6"]
[Board "1"]
[White "Kazakouski, Valery"]
[Black "McShane, Luke J"]
[Result "1/2-1/2"]
[WhiteTitle "GM"]
[BlackTitle "GM"]
[WhiteElo "2577"]
[BlackElo "2611"]
[WhiteTeam "SF Bad Mergentheim"]
[BlackTeam "SV Werder Bremen"]
[WhiteFideId "13507443"]
[BlackFideId "404853"]
[EventDate "2024.10.05"]
[EventType "team"]

1. e4 e5 2. Nf3 Nc6 3. Bc4 Bc5 4. c3 Nf6 5. d4 exd4 6. e5 d5 7. Be2 Ne4 8. cxd4
Bb6 9. Nc3 O-O 10. O-O Be6 11. Be3 f6 12. exf6 Nxf6 13. h3 Ne7 14. Bd3 c6 15.
Qc2 Qc8 16. Ne2 Ne4 17. Ng3 Bxh3 18. Bxe4 dxe4 19. Qxe4 Qe6 20. Ng5 Qxe4 21.
N5xe4 Bf5 22. Nc5 Bg6 23. Rfe1 Nd5 24. Bd2 Rf7 25. a3 h6 26. Ne2 Rd8 27. Rac1
Kh7 28. b4 Bxc5 29. dxc5 Rfd7 30. Nf4 Nc7 31. Bc3 Nb5 32. Bb2 Bf7 33. Re3 g5 34.
Ne2 Rd2 35. Bf6 R8d7 36. a4 Nc7 37. Nc3 Nd5 38. Nxd5 Bxd5 39. Bc3 Ra2 40. Ra1
Rc2 41. Rae1 Kg6 42. R1e2 Rxe2 43. Rxe2 Bb3 44. a5 h5 45. Rd2 Bd5 46. f3 a6 47.
Re2 Rf7 48. Bd2 Kf5 49. Kf2 g4 50. fxg4+ Kxg4+ 51. Kg1 Kf5 1/2-1/2

[Event "Bundesliga 2024-25"]
[Site "Dresden GER"]
[Date "2024.10.06"]
[Round "2.6"]
[Board "2"]
[White "Areshchenko, Alexander"]
[Black "Rakotomaharo, Fy Antenaina"]
[Result "1/2-1/2"]
[WhiteTitle "GM"]
[BlackTitle "IM"]
[WhiteElo "2613"]
[BlackElo "2440"]
[WhiteTeam "SV Werder Bremen"]
[BlackTeam "SF Bad Mergentheim"]
[WhiteFideId "14109530"]
[BlackFideId "13100050"]
[EventDate "2024.10.05"]
[EventType "team"]

1. e4 e5 2. Nf3 Nc6 3. Bb5 a6 4. Ba4 d6 5. O-O Bd7 6. c3 Nge7 7. d4 Ng6 8. Re1
Be7 9. Be3 O-O 10. Nbd2 exd4 11. cxd4 d5 12. e5 Kh8 13. Rc1 f6 14. Bc2 f5 15.
Nb3 f4 16. Bd2 Bg4 17. h3 Bh5 18. Bd3 Nb4 19. Bb1 Nh4 20. Kh2 a5 21. Bc3 Nxf3+
22. gxf3 a4 23. Nd2 1/2-1/2

[Event "Bundesliga 2024-25"]
[Site "Dresden GER"]
[Date "2024.10.06"]
[Round "2.6"]
[Board "4"]
[White "Cheng, Bobby"]
[Black "Ikonnikov, Vyacheslav"]
[Result "1-0"]
[WhiteTitle "GM"]
[BlackTitle "GM"]
[WhiteElo "2588"]
[BlackElo "2465"]
[WhiteTeam "SV Werder Bremen"]
[BlackTeam "SF Bad Mergentheim"]
[WhiteFideId "4300033"]
[BlackFideId "4100972"]
[EventDate "2024.10.05"]
[EventType "team"]

1. d4 Nf6 2. c4 e6 3. Nf3 Bb4+ 4. Nbd2 d5 5. Qa4+ Nc6 6. a3 Be7 7. e3 a5 8. Qc2
a4 9. Bd3 Bd7 10. O-O O-O 11. e4 dxe4 12. Nxe4 Nxe4 13. Bxe4 f5 14. Bd3 Bf6 15.
Be3 e5 16. dxe5 Nxe5 17. Nxe5 Bxe5 18. f4 Bf6 19. Rad1 Qc8 20. c5 Kh8 21. Bc4
Bc6 22. Bd4 Qe8 23. Bxf6 Rxf6 24. Rfe1 Qf8 25. Bd5 h6 26. Bxc6 Rxc6 27. Re5 b6
28. Rxf5 Qe8 29. Re5 Qf8 30. Rf5 Qe8 31. Qf2 Rd8 32. Re1 Qd7 33. Rfe5 Rxc5 34.
Rxc5 bxc5 35. Qxc5 Qd4+ 36. Qxd4 Rxd4 37. f5 Kg8 38. Re2 Rd5 39. Rc2 Rxf5 40.
Rxc7 Rb5 41. Rc2 Kf7 42. Kf2 Rb3 43. Ke1 Ke6 44. Kd1 Kd5 45. Re2 Kd4 46. Kc2 Rb7
47. Re6 Rc7+ 48. Kb1 Ra7 49. g4 Kd5 50. Rb6 Ke4 51. h4 Kf3 52. Rb4 g6 53. Kc2
Kg3 54. h5 gxh5 55. gxh5 Ra5 56. Kc3 Rc5+ 57. Rc4 Rxh5 58. Rxa4 Rf5 59. Ra8 Rf3+
60. Kc2 Rf2+ 61. Kb3 Rf3+ 62. Ka2 h5 63. Rg8+ Kf2 64. Rh8 Rf5 65. a4 Kg3 66. b4
h4 67. a5 Rf4 68. Kb3 h3 69. a6 Rf3+ 70. Ka4 h2 71. a7 Rf8 72. Rxh2 Kxh2 73. b5
Kg3 74. b6 Kg4 75. b7 Rf4+ 76. Kb3 1-0

[Event "Bundesliga 2024-25"]
[Site "Dresden GER"]
[Date "2024.10.06"]
[Round "2.6"]
[Board "5"]
[White "Neuman, Petr"]
[Black "Van Foreest, Lucas"]
[Result "1/2-1/2"]
[WhiteTitle "GM"]
[BlackTitle "GM"]
[WhiteElo "2422"]
[BlackElo "2522"]
[WhiteTeam "SF Bad Mergentheim"]
[BlackTeam "SV Werder Bremen"]
[WhiteFideId "305243"]
[BlackFideId "1039792"]
[EventDate "2024.10.05"]
[EventType "team"]

1. c4 e6 2. Nc3 d5 3. d4 h6 4. Nf3 Nf6 5. g3 Nc6 6. Bg2 Bd6 7. O-O O-O 8. b3
dxc4 9. bxc4 e5 10. d5 Na5 11. Qa4 b6 12. c5 Bd7 13. Qc2 bxc5 14. Nd2 Qc8 15.
Nce4 Nxe4 16. Nxe4 Nb7 17. Be3 f5 18. Nxc5 Nxc5 19. Bxc5 Qa6 20. e4 Bb5 21. Rfe1
Bc4 1/2-1/2

[Event "Bundesliga 2024-25"]
[Site "Dresden GER"]
[Date "2024.10.06"]
[Round "2.6"]
[Board "7"]
[White "Nemec, Jachym"]
[Black "Grigorian, Spartak"]
[Result "1-0"]
[WhiteTitle "FM"]
[BlackTitle "IM"]
[WhiteElo "2414"]
[BlackElo "2433"]
[WhiteTeam "SF Bad Mergentheim"]
[BlackTeam "SV Werder Bremen"]
[WhiteFideId "23716525"]
[BlackFideId "24661490"]
[EventDate "2024.10.05"]
[EventType "team"]

1. d4 Nf6 2. c4 e6 3. Nc3 Bb4 4. e3 O-O 5. Ne2 Re8 6. a3 Bf8 7. Ng3 d5 8. cxd5
exd5 9. Bd3 b6 10. b4 Nbd7 11. O-O c5 12. Rb1 cxd4 13. exd4 a5 14. Bf4 axb4 15.
axb4 Nb8 16. Bg5 Na6 17. Bxf6 Qxf6 18. Nxd5 Qd8 19. Qh5 h6 20. b5 Nb8 21. Rfd1
Ra3 22. Ne3 Nd7 23. Bc4 Nf6 24. Qxf7+ Kh8 25. Nef5 Rc3 26. Re1 Bd7 27. Ba2 Rxe1+
28. Rxe1 Bxb5 29. Nh4 Bb4 30. Ng6+ Kh7 31. Ne5 Rxg3 32. hxg3 Be8 33. Bb1+ Kh8
34. Ng6+ Kh7 35. Ne7+ 1-0

[Event "Bundesliga 2024-25"]
[Site "Dresden GER"]
[Date "2024.10.06"]
[Round "2.6"]
[Board "8"]
[White "Colbow, Collin"]
[Black "Kusa, Jakub"]
[Result "1/2-1/2"]
[WhiteTitle "IM"]
[BlackTitle "FM"]
[WhiteElo "2441"]
[BlackElo "2402"]
[WhiteTeam "SV Werder Bremen"]
[BlackTeam "SF Bad Mergentheim"]
[WhiteFideId "16201132"]
[BlackFideId "395595"]
[EventDate "2024.10.05"]
[EventType "team"]

1. e4 e5 2. Nf3 Nc6 3. Bb5 Nf6 4. d3 Bc5 5. c3 d5 6. exd5 Qxd5 7. Bc4 Qd6 8. b4
Bb6 9. Nbd2 Bf5 10. Ng5 O-O 11. Nde4 Nxe4 12. dxe4 Qxd1+ 13. Kxd1 Bg4+ 14. f3
Bd7 15. a4 h6 16. a5 hxg5 17. Bxg5 Bxa5 18. bxa5 b6 19. Bd5 Rae8 20. axb6 axb6
21. h4 Na5 22. h5 c6 23. Ba2 Be6 24. h6 Bxa2 25. Rxa2 Re6 26. g4 gxh6 27. Bxh6
Rd8+ 28. Ke2 c5 29. Rh5 Nc6 30. Bg5 f6 31. Be3 Kg7 32. Rh1 Red6 33. Rb1 Na5 34.
Rh1 Nc4 35. Ra7+ R6d7 36. Rha1 Kg6 37. Rxd7 Rxd7 38. Ra6 Nxe3 39. Kxe3 c4 40.
Rxb6 Rd3+ 41. Kf2 Kg5 42. Kg3 Rxc3 43. Rc6 Rc1 44. Rc8 c3 45. Rg8+ Kh6 46. Rh8+
Kg7 47. Rc8 c2 48. Kg2 Kh6 49. Rc3 Kg6 50. Rc7 Kg5 51. Rc6 Kg6 52. Rc7 Kh6 53.
Rc3 Kg5 54. Rc6 Kg6 1/2-1/2

[Event "Bundesliga 2024-25"]
[Site "Munich GER"]
[Date "2024.10.06"]
[Round "2.7"]
[Board "1"]
[White "Tabatabaei, M. Amin"]
[Black "Bluebaum, Matthias"]
[Result "1/2-1/2"]
[WhiteTitle "GM"]
[BlackTitle "GM"]
[WhiteElo "2714"]
[BlackElo "2640"]
[WhiteTeam "FC Bayern Muenchen"]
[BlackTeam "Schachfreunde Deizisau"]
[WhiteFideId "12521213"]
[BlackFideId "24651516"]
[EventDate "2024.10.05"]
[EventType "team"]

1. e4 e5 2. Nf3 Nc6 3. Bc4 Nf6 4. d3 Be7 5. O-O O-O 6. Nc3 d6 7. a4 Bg4 8. h3
Bxf3 9. Qxf3 Nd4 10. Qd1 c6 11. Ba2 Ne6 12. Be3 Qc7 13. a5 b6 14. axb6 axb6 15.
Bxe6 fxe6 16. Ne2 d5 17. Ng3 Qb7 18. b3 Rxa1 19. Qxa1 Bd6 20. Qd1 Ra8 21. exd5
exd5 22. Nf5 Qd7 23. Nxd6 Qxd6 24. f4 d4 25. fxe5 Qxe5 26. Bf2 c5 27. Qf3 Qd5
28. Qf4 Rf8 29. Bg3 Nd7 30. Qc7 Rxf1+ 31. Kxf1 h6 32. Kg1 Qe6 33. Bd6 Nf6 34.
Be5 Nd7 35. Bd6 Nf6 36. Be5 Nd7 37. Qc8+ Kf7 38. Bc7 Qc6 39. Qd8 Nf6 40. Bd6 Nd5
41. Qf8+ Kg6 42. Be5 Qd7 43. Qf3 1/2-1/2

[Event "Bundesliga 2024-25"]
[Site "Munich GER"]
[Date "2024.10.06"]
[Round "2.7"]
[Board "2"]
[White "Gledura, Benjamin"]
[Black "Fedoseev, Vladimir3"]
[Result "1-0"]
[WhiteTitle "GM"]
[BlackTitle "GM"]
[WhiteElo "2628"]
[BlackElo "2692"]
[WhiteTeam "Schachfreunde Deizisau"]
[BlackTeam "FC Bayern Muenchen"]
[WhiteFideId "712779"]
[BlackFideId "24130737"]
[EventDate "2024.10.05"]
[EventType "team"]

1. d4 d5 2. c4 dxc4 3. Nf3 c5 4. d5 e6 5. Nc3 Nf6 6. e4 Nxe4 7. Nxe4 exd5 8. Nc3
Be6 9. Ng5 Nc6 10. Nxe6 fxe6 11. g3 Qf6 12. Bg2 Be7 13. O-O Rd8 14. Bd2 O-O 15.
b3 cxb3 16. axb3 Qf7 17. f4 Bf6 18. Rc1 b6 19. Kh1 Nd4 20. Ne2 Nf5 21. Ng1 c4
22. bxc4 dxc4 23. Rxc4 b5 24. Rc6 Qd7 25. Qe1 Nd4 26. Rc3 b4 27. Rd3 a5 28. g4
Qf7 29. Qd1 Qg6 30. Bc1 Nb5 31. f5 exf5 32. gxf5 Qe8 33. Ne2 Kh8 34. Nf4 Rxd3
35. Qxd3 Nc3 36. Bb2 Qb5 37. Ng6+ Kg8 38. Qxb5 Nxb5 39. Bd5+ Rf7 40. Bxf6 gxf6
41. Rg1 Nc3 42. Ne5+ Kf8 43. Bxf7 fxe5 44. Bc4 Ne4 45. f6 Nxf6 46. Ra1 Ne4 47.
Rxa5 Nd2 48. Bd5 e4 49. Kg2 e3 50. Rb5 1-0

[Event "Bundesliga 2024-25"]
[Site "Munich GER"]
[Date "2024.10.06"]
[Round "2.7"]
[Board "3"]
[White "Santos Latasa, Jaime"]
[Black "Banusz, Tamas"]
[Result "1/2-1/2"]
[WhiteTitle "GM"]
[BlackTitle "GM"]
[WhiteElo "2624"]
[BlackElo "2605"]
[WhiteTeam "FC Bayern Muenchen"]
[BlackTeam "Schachfreunde Deizisau"]
[WhiteFideId "2293307"]
[BlackFideId "722413"]
[EventDate "2024.10.05"]
[EventType "team"]

1. e4 c5 2. Nf3 Nc6 3. Nc3 Nf6 4. Bb5 Qc7 5. O-O Nd4 6. Re1 e5 7. d3 Be7 8. Bg5
Nxb5 9. Nxb5 Qc6 10. Nc3 d6 11. Bxf6 Bxf6 12. Nd5 Bd8 13. c4 O-O 14. Qd2 Kh8 15.
h3 f5 16. exf5 Bxf5 17. Qe2 Qe8 18. Ne3 Bd7 19. Nd2 Qg6 20. Kh1 Rf4 21. Ne4 Ba5
22. Rf1 Raf8 23. f3 Bd8 24. a3 Rh4 25. Ng4 h5 26. Ngf2 Rhf4 27. b3 Qh6 28. Nc3
g5 29. Nd5 R4f7 30. Kg1 Kg7 31. Ne3 Qg6 32. Ne4 1/2-1/2